000 00647nam a2200133Ia 4500
008 171212s9999 xx 000 0 und d
020 _a9780833041876
100 _aDobbins, James;Harting, Sarah;Kaye, Dalia Dassa;Dalia Dassa Kaye,
245 _cDobbins, James;Harting, Sarah;Kaye, Dalia Dassa;Dalia Dassa Kaye,
_aCoping with Iran
_bConfrontation, Containment, or Engagement? A Conference Report
260 _bRAND Corporation
_c2007
650 _aPolitical Science
650 _aUnited States -- Foreign relations -- Iran -- Congresses; Iran -- Foreign relations -- United States -- Congresses
856 _uwww.jstor.org/stable/10.7249/cf237nsrd
999 _c351895
_d351895